Economics / (Record no. 17053)

MARC details
000 -LEADER
fixed length control field 00885cam a22003014a 4500
001 - CONTROL NUMBER
control field 16974829
005 - DATE AND TIME OF LATEST TRANSACTION
control field 20201128020935.0
008 - FIXED-LENGTH DATA ELEMENTS--GENERAL INFORMATION
fixed length control field 110923s2012 xxka frd 001 0 eng d
020 ## - INTERNATIONAL STANDARD BOOK NUMBER
International Standard Book Number 0273763121 (pbk.)
020 ## - INTERNATIONAL STANDARD BOOK NUMBER
International Standard Book Number 9780273763123 (pbk.)
040 ## - CATALOGING SOURCE
Original cataloging agency EG-ScBUE
082 00 - DEWEY DECIMAL CLASSIFICATION NUMBER
Classification number 330
Edition number 23
Item number SLO
100 1# - MAIN ENTRY--PERSONAL NAME
Personal name Sloman, John,
Dates associated with a name 1947-
9 (RLIN) 7721
245 10 - TITLE STATEMENT
Title Economics /
Statement of responsibility, etc John Sloman, Alison Wride, Dean Garratt.
250 ## - EDITION STATEMENT
Edition statement 8th ed.
260 ## - PUBLICATION, DISTRIBUTION, ETC. (IMPRINT)
Place of publication, distribution, etc Harlow, United Kingdom :
Name of publisher, distributor, etc Pearson,
Date of publication, distribution, etc 2012.
300 ## - PHYSICAL DESCRIPTION
Extent [Various pagings] :
Other physical details ill. (col.) ;
Dimensions 27 cm.
500 ## - GENERAL NOTE
General note Includes index.
500 ## - GENERAL NOTE
General note Includes glossary.
500 ## - GENERAL NOTE
General note Includes appendixes.
650 #0 - SUBJECT ADDED ENTRY--TOPICAL TERM
Topical term or geographic name as entry element Economics
9 (RLIN) 720
Source of heading or term BUEsh
651 ## - SUBJECT ADDED ENTRY--GEOGRAPHIC NAME
Source of heading or term BUEsh
653 ## - INDEX TERM--UNCONTROLLED
Resource For college BAEPS, Economics
Arrived date list October2014
655 ## - INDEX TERM--GENRE/FORM
Form subdivision Text book
-- 33728
700 1# - ADDED ENTRY--PERSONAL NAME
Personal name Wride, Alison
9 (RLIN) 31054
700 1# - ADDED ENTRY--PERSONAL NAME
Personal name Garratt, Dean,
Dates associated with a name 1970-
9 (RLIN) 27516
942 ## - ADDED ENTRY ELEMENTS (KOHA)
Source of classification or shelving scheme Dewey Decimal Classification
Item type Book - Borrowing
Call number prefix 330 SLO
Holdings
Withdrawn status Item status Source of classification or shelving scheme Damaged status Not for loan Vendor Home library Current library Shelving location Date acquired Source of acquisition Cost, normal purchase price Serial Enumeration / chronology Total Checkouts Full call number Barcode Date last seen Date last borrowed Koha item type Total Renewals Checked out
    Dewey Decimal Classification     Baccah Central Library Central Library First floor 03/10/2012   190.00 3 6 330 SLO 000027548 15/07/2025 17/11/2013 NB - Book (Non borrowing)    
    Dewey Decimal Classification     Baccah Central Library Central Library First floor 03/10/2012   190.00 3 8 330 SLO 000027549 15/07/2025 12/11/2019 Book - Borrowing 18  
    Dewey Decimal Classification     Baccah Central Library Central Library First floor 02/10/2014       9 330 SLO 000036475 15/07/2025 12/11/2019 Book - Borrowing 23  
    Dewey Decimal Classification     Baccah Central Library Central Library First floor 02/10/2014       6 330 SLO 000036476 15/07/2025 30/07/2019 Book - Borrowing 29  
    Dewey Decimal Classification     Baccah Central Library Central Library First floor 13/10/2014       8 330 SLO 000036616 15/07/2025 24/11/2019 Book - Borrowing 34  
    Dewey Decimal Classification     Baccah Central Library Central Library First floor 13/10/2014       8 330 SLO 000036617 15/07/2025 13/11/2019 Book - Borrowing 90  
    Dewey Decimal Classification     Baccah Central Library Central Library First floor 13/10/2014       6 330 SLO 000036618 15/07/2025 27/09/2022 Book - Borrowing 35  
    Dewey Decimal Classification     Baccah Central Library Central Library First floor 13/10/2014       4 330 SLO 000036619 02/08/2017 02/08/2017 Book - Borrowing 21 23/11/2019
    Dewey Decimal Classification     Baccah Central Library Central Library First floor 13/10/2014       6 330 SLO 000036620 22/09/2024 22/09/2024 Book - Borrowing 19 28/10/2024
    Dewey Decimal Classification     Baccah Central Library Central Library First floor 13/10/2014       7 330 SLO 000036621 15/07/2025 12/11/2019 Book - Borrowing 23